Fr. Conceicao Rodrigues College of Engineering

Medical Applications of Artificial Intelligence (Record no. 35946)

MARC details
000 -LEADER
fixed length control field 00263 a2200109 4500
000 - LEADER
fixed length control field nam a22 7a 4500
020 ## - INTERNATIONAL STANDARD BOOK NUMBER
International Standard Book Number 9781138072275
100 ## - MAIN ENTRY--PERSONAL NAME
Personal name Agah,Arvin
9 (RLIN) 86
245 ## - TITLE STATEMENT
Title Medical Applications of Artificial Intelligence
260 ## - PUBLICATION, DISTRIBUTION, ETC.
Name of publisher, distributor, etc. CRC
Date of publication, distribution, etc. 2014
264 ## - PRODUCTION, PUBLICATION, DISTRIBUTION, MANUFACTURE, AND COPYRIGHT NOTICE
Name of producer, publisher, distributor, manufacturer CRC

No items available.